| 000 | 00632nam a2200205Ia 4500 | ||
|---|---|---|---|
| 001 | 13271 | ||
| 003 | GE_BSU | ||
| 008 | 181216s||||||||xx |||||||||||||| ||und|| | ||
| 040 | _cGE_BSU | ||
| 080 | _a634.1(075.8) | ||
| 100 | _aКолесников,В.А. Резниченко, А.Г. Кузнецов,М.Д. Ефимов,В.А. | ||
| 245 | _aПлодоводство | ||
| 245 | _cПод ред. В.А.Колесникова. Ред.В.Н.Озеров | ||
| 260 | _aМосква | ||
| 260 | _bСельхозгиз | ||
| 260 | _c1956 | ||
| 300 | _a440стр.илл.27см. | ||
| 653 | _aПлодоводство | ||
| 942 | _cBK | ||
| 999 |
_c46433 _d46433 |
||